[Event "GEO-ch 1st League 81st"]
[Site "Tbilisi"]
[Date "2021.12.15"]
[Round "2"]
[White "Gogsadze, Tornike"]
[Black "Chigladze, Iveri"]
[Result "1/2-1/2"]
[WhiteElo "1275"]
[BlackElo "2335"]
[PlyCount "107"]
[EventDate "2021.12.14"]
[EventType "swiss"]
[EventRounds "9"]
[EventCountry "GEO"]
[SourceTitle "CBM 205 Extra"]
[Source "ChessBase"]
[SourceDate "2022.01.31"]
[SourceVersion "1"]
[SourceVersionDate "2022.01.31"]
[SourceQuality "1"]

1. e4 Nf6 2. Nc3 d5 3. e5 Ne4 4. d4 Nxc3 5. bxc3 c5 6. Bb5+ Nc6 7. Ne2 cxd4 8. Bxc6+ bxc6 9. cxd4 e6 10. 0-0 Be7 11. c4 0-0 12. c5 f6 13. Bf4 Ba6 14. Re1 Kh8 15. Rb1 f5 16. Bd2 g5 17. f4 Rg8 18. fxg5 Bxg5 19. Nf4 Bxf4 20. Bxf4 Qh4 21. Qd2 Rg4 22. g3 Rag8 23. Kh1 Qh5 24. Rb3 Bc4 25. Rb7 R4g7 26. Rxg7 Rxg7 27. Rb1 Qf3+ 28. Qg2 Qd3 29. Rb8+ Rg8 30. Rb7 Qd1+ 31. Qg1 Qe2 32. Qg2 Qe1+ 33. Qg1 Bf1 34. Be3 f4 35. Qf2 Qxe3 36. Qxf1 Qe4+ 37. Qg2 Qxd4 38. Qc2 Rg6 39. Rxa7 Qxe5 40. Ra8+ Kg7 41. Ra7+ Kh6 42. a4 fxg3 43. Qd2+ Rg5 44. hxg3 Qe4+ 45. Kh2 Kg6 46. Rg7+ Kxg7 47. Qxg5+ Kf7 48. a5 Qc2+ 49. Kh3 Qxc5 50. Qf4+ Kg6 51. Qg4+ Kf7 52. Qf4+ Kg6 53. Qg4+ Kf6 54. Qf4+ 1/2-1/2